[Event "SVK-ch U14"]
[Site "Stara Lubovna"]
[Date "2014.04.07"]
[Round "3"]
[White "Ondo, Tomas"]
[Black "Selinga, Jan"]
[Result "0-1"]
[WhiteElo "1600"]
[BlackElo "1820"]
[PlyCount "108"]
[EventDate "2014.04.05"]
[EventType "swiss"]
[EventRounds "9"]
[EventCountry "SVK"]
[SourceTitle "EXT 2016"]
[Source "ChessBase"]
[SourceDate "2015.10.08"]
[SourceVersion "1"]
[SourceVersionDate "2015.10.08"]
[SourceQuality "1"]

1. e4 e6 2. d4 d5 3. e5 c5 4. c3 Nc6 5. Nf3 Qb6 6. a3 cxd4 7. cxd4 Nge7 8. b4 Nf5 9. Bb2 Bd7 10. Be2 a6 11. 0-0 g6 12. Qd3 Bh6 13. Nbd2 Na7 14. Nb3 Bb5 15. Qd1 Ba4 16. Qd3 Bxb3 17. Qxb3 0-0 18. Rfd1 Rac8 19. g4 Ne7 20. Bc1 Bxc1 21. Raxc1 Nb5 22. Qe3 Nc6 23. Bxb5 Qxb5 24. Qd3 Qxd3 25. Rxd3 Nxb4 26. Rxc8 Nxd3 27. Rc7 Nf4 28. Rxb7 Rc8 29. h4 Rc3 30. Ng5 Nh3+ 31. Nxh3 Rxh3 32. h5 gxh5 33. gxh5 h6 34. Kg2 Rxa3 35. Rb1 a5 36. f3 a4 37. Kg3 Rb3 38. Rd1 Rb4 39. Rd2 a3 40. Ra2 Ra4 41. f4 Kf8 42. Kf3 Ke7 43. Ra1 Kd7 44. Ke3 a2 45. Kd3 Kc6 46. Kc3 Kb5 47. Kb3 Ra8 48. Kc3 Ra3+ 49. Kb2 Kb4 50. Kc2 Kc4 51. Kb2 Ra8 52. Kc2 Kxd4 53. Kb2 Ke4 54. Rxa2 Rxa2+ 0-1

[Event "SVK-ch U14"]
[Site "Stara Lubovna"]
[Date "2014.04.05"]
[Round "1"]
[White "Gogora, Kristian"]
[Black "Selinga, Jan"]
[Result "0-1"]
[WhiteElo "1218"]
[BlackElo "1820"]
[PlyCount "102"]
[EventDate "2014.04.05"]
[EventType "swiss"]
[EventRounds "9"]
[EventCountry "SVK"]
[SourceTitle "EXT 2016"]
[Source "ChessBase"]
[SourceDate "2015.10.08"]
[SourceVersion "1"]
[SourceVersionDate "2015.10.08"]
[SourceQuality "1"]

1. d4 d5 2. c4 c6 3. Nc3 dxc4 4. e4 b5 5. a4 Bd7 6. d5 b4 7. dxc6 Bxc6 8. Qxd8+ Kxd8 9. Nd5 e6 10. Ne3 Bxe4 11. Bxc4 Bc5 12. f3 Bc6 13. Nh3 Nd7 14. Ng5 Ke7 15. Nf1 Ngf6 16. Ng3 Ne5 17. Be2 Rhd8 18. N5e4 Nxe4 19. Nxe4 Bxe4 20. fxe4 Nd3+ 21. Kf1 Nf2 22. Rg1 Nxe4 23. Rh1 Nd2+ 24. Ke1 Nb3 25. Rb1 Nxc1 26. Rxc1 Be3 27. Rc7+ Rd7 28. Rxd7+ Kxd7 29. Bd3 Rc8 30. Ke2 Bd4 31. b3 a5 32. Rd1 Kd6 33. Ba6 Rc2+ 34. Kd3 Rxg2 35. Kxd4 Rxh2 36. Rf1 f5 37. Re1 Rh4+ 38. Kd3 e5 39. Bc8 g6 40. Re2 Rh3+ 41. Re3 Rxe3+ 42. Kxe3 h5 43. Bb7 Ke6 44. Kf3 g5 45. Bc8+ Kf6 46. Ba6 e4+ 47. Kf2 Ke5 48. Bc4 h4 49. Bf1 g4 50. Be2 Kf4 51. Kf1 Ke3 0-1